Popular Australian Foods/Snacks - Statistics

General Stats
  • This quiz has been taken 66 times
  • The average score is 14 of 16
Answer Stats
Picture Answer % Correct
Nutella
98%
Pringles
98%
Vegemite
98%
Tim Tam
95%
Fairy Bread
92%
Meat Pie
88%
Milo
88%
Lamington
86%
Prawns
83%
Shapes
83%
Smiths
81%
Twisties
80%
Weet Bix
78%
Freddo Frog
71%
Cheezels
69%
Zooper Dooper
69%
No matching quizzes found
Score Distribution
Percent of People with Each Score
Percentile by Number Answered
Your Score History
You have not taken this quiz